| 000 | 00707pam a2200205 a 4500 | ||
|---|---|---|---|
| 020 | _a0045150028 (alk. paper) : | ||
| 020 | _a0045150036 (pbk. : alk. paper) : | ||
| 082 | 0 | 0 |
_a511.02462 _bDAV _cL-3, P-40 |
| 100 | 1 |
_aDavis, Graham de Vahl. _938946 |
|
| 245 | 1 | 0 |
_aNumerical methods in engineering & science / _cGraham de Vahl Davis. |
| 260 |
_aLondon ; _aBoston : _bAllen & Unwin, _c1986. |
||
| 300 |
_axvi, 286 p. : _bill. ; _c24 cm. |
||
| 500 | _aIncludes index. | ||
| 526 |
_a0 _b0 _c0 _d511_024620000000000_DAV |
||
| 526 |
_a0 _b0 _c0 _d511_024620000000000_DAV |
||
| 650 | 0 |
_aEngineering mathematics. _92310 |
|
| 650 | 0 |
_aMCE _xMathematics. _938947 |
|
| 650 | 0 |
_aNumerical analysis. _9103 |
|
| 942 |
_2ddc _cBK |
||
| 999 |
_c543552 _d543552 |
||